Long -term models of the Japanese economy
Na minha lista:
| Autor principal: | |
|---|---|
| Formato: | Livro |
| Idioma: | Undetermined |
| Publicado em: |
Japan
The center for Southeast Asian Studies
1969
|
| Assuntos: | |
| Tags: |
Adicionar Tag
Sem tags, seja o primeiro a adicionar uma tag!
|
| Thư viện lưu trữ: | Trung tâm Học liệu Trường Đại học Cần Thơ |
|---|
| LEADER | 00502nam a2200181Ia 4500 | ||
|---|---|---|---|
| 001 | CTU_79828 | ||
| 008 | 210402s9999 xx 000 0 und d | ||
| 082 | |a 330 | ||
| 082 | |b Y.65 | ||
| 100 | |a Yoshihara, Kunio | ||
| 245 | 0 | |a Long -term models of the Japanese economy | |
| 245 | 0 | |c Kunio Yoshihara | |
| 260 | |a Japan | ||
| 260 | |b The center for Southeast Asian Studies | ||
| 260 | |c 1969 | ||
| 650 | |a Economics | ||
| 904 | |i Trọng Hải | ||
| 980 | |a Trung tâm Học liệu Trường Đại học Cần Thơ | ||